<?xml version="1.0" encoding="UTF-8"?>
<record
    xmlns:xsi="http://www.w3.org/2001/XMLSchema-instance"
    xsi:schemaLocation="http://www.loc.gov/MARC21/slim http://www.loc.gov/standards/marcxml/schema/MARC21slim.xsd"
    xmlns="http://www.loc.gov/MARC21/slim">

  <leader>00837nam a22002417a 4500</leader>
  <controlfield tag="003">CUTN</controlfield>
  <controlfield tag="005">20260421144337.0</controlfield>
  <controlfield tag="008">260421b        |||||||| |||| 00| 0 eng d</controlfield>
  <datafield tag="020" ind1=" " ind2=" ">
    <subfield code="a">9788199189331</subfield>
  </datafield>
  <datafield tag="041" ind1=" " ind2=" ">
    <subfield code="a">Tamil</subfield>
  </datafield>
  <datafield tag="082" ind1=" " ind2=" ">
    <subfield code="2">23rd</subfield>
    <subfield code="a">910</subfield>
    <subfield code="b">CHO</subfield>
  </datafield>
  <datafield tag="100" ind1=" " ind2=" ">
    <subfield code="a">&#xB9A;&#xBCB;&#xBB4;&#xBA9;&#xBCD; &#xBAA;&#xBAA;&#xBCD;&#xBB3;&#xBBF;&#xB95;&#xBC7;&#xBB7;&#xBA9;&#xBCD;&#xBB8;&#xBCD;</subfield>
  </datafield>
  <datafield tag="245" ind1=" " ind2=" ">
    <subfield code="a">TNPSC &#xB95;&#xBC1;&#xBB0;&#xBC2;&#xBAA;&#xBCD; I, II, III &amp; IV &#xBAA;&#xBC1;&#xBB5;&#xBBF;&#xBAF;&#xBBF;&#xBAF;&#xBB2;&#xBCD; </subfield>
  </datafield>
  <datafield tag="250" ind1=" " ind2=" ">
    <subfield code="a">&#xBAE;&#xBC1;&#xBA4;&#xBB1;&#xBCD;&#xBAA;&#xBA4;&#xBBF;&#xBAA;&#xBCD;&#xBAA;&#xBC1;</subfield>
  </datafield>
  <datafield tag="260" ind1=" " ind2=" ">
    <subfield code="a">&#xB9A;&#xBC6;&#xBA9;&#xBCD;&#xBA9;&#xBC8;: </subfield>
    <subfield code="b">&#xB9A;&#xBCB;&#xBB4;&#xBA9;&#xBCD; &#xBAA;&#xBAA;&#xBCD;&#xBB3;&#xBBF;&#xB95;&#xBC7;&#xBB7;&#xBA9;&#xBCD;&#xBB8;&#xBCD;,</subfield>
    <subfield code="c">2026.</subfield>
  </datafield>
  <datafield tag="300" ind1=" " ind2=" ">
    <subfield code="a">256p.,</subfield>
  </datafield>
  <datafield tag="650" ind1=" " ind2=" ">
    <subfield code="a">TNPSC &#xB95;&#xBC1;&#xBB0;&#xBC2;&#xBAA;&#xBCD; I, II,</subfield>
  </datafield>
  <datafield tag="650" ind1=" " ind2=" ">
    <subfield code="a">TNPSC &#xB95;&#xBC1;&#xBB0;&#xBC2;&#xBAA;&#xBCD; I, II, III &amp; IV &#xBAA;&#xBC1;&#xBB5;&#xBBF;&#xBAF;&#xBBF;&#xBAF;&#xBB2;&#xBCD; </subfield>
  </datafield>
  <datafield tag="650" ind1=" " ind2=" ">
    <subfield code="a">&#xBAA;&#xBC1;&#xBB5;&#xBBF;&#xBAF;&#xBBF;&#xBAF;&#xBB2;&#xBCD;</subfield>
  </datafield>
  <datafield tag="650" ind1=" " ind2=" ">
    <subfield code="a">Competitive Books</subfield>
  </datafield>
  <datafield tag="650" ind1=" " ind2=" ">
    <subfield code="a">Competitive exam</subfield>
  </datafield>
  <datafield tag="942" ind1=" " ind2=" ">
    <subfield code="2">ddc</subfield>
    <subfield code="c">CSB</subfield>
  </datafield>
  <datafield tag="999" ind1=" " ind2=" ">
    <subfield code="c">51118</subfield>
    <subfield code="d">51118</subfield>
  </datafield>
  <datafield tag="952" ind1=" " ind2=" ">
    <subfield code="0">0</subfield>
    <subfield code="1">0</subfield>
    <subfield code="2">ddc</subfield>
    <subfield code="4">0</subfield>
    <subfield code="7">1</subfield>
    <subfield code="8">REF</subfield>
    <subfield code="a">CUTN</subfield>
    <subfield code="b">CUTN</subfield>
    <subfield code="c">COMPETITIVE</subfield>
    <subfield code="d">2026-04-21</subfield>
    <subfield code="l">0</subfield>
    <subfield code="o">910 CHO</subfield>
    <subfield code="p">56396</subfield>
    <subfield code="r">2026-04-21 14:44:26</subfield>
    <subfield code="w">2026-04-21</subfield>
    <subfield code="y">CSB</subfield>
  </datafield>
</record>
